| 000 | 00409 a2200157 4500 | ||
|---|---|---|---|
| 001 | 85394 | ||
| 020 | _a9781935295105 | ||
| 082 | _a297.10901 ALB | ||
| 090 |
_c40121 _d40120 |
||
| 100 | _aIsmail Albayrak | ||
| 245 | _aMastering Knowledge in the Modern Times; Feth ullah Gulen a an Islamic Scholar | ||
| 250 | _a1st | ||
| 260 |
_aNew york _bBlue Dome _c2011 |
||
| 300 | _axix, 169 p. | ||
| 500 | _aDOS | ||
| 942 |
_acaenust _k297.10901 ALB |
||
| 999 |
_c320467 _d320467 |
||